Die 10 größten Städte und Gemeinden in der Steiermark - Statistiken

Allgemein
  • Dieses Quiz wurde 272 mal gespielt
    208 seit der letzten Aktualisierung
  • Das Durchschnittsergebnis liegt bei 6 aus 10
Antwortstatistiken
Platz Stadt % Korrekt
1 Graz
100%
2 Leoben
92%
4 Bruck an der Mur
81%
3 Kapfenberg
70%
8 Leibnitz
69%
9 Weiz
61%
5 Feldbach
47%
7 Knittelfeld
47%
6 Gratwein-Straßengel
22%
10 Seiersberg-Pirka
22%
Keine übereinstimmenden Quizze gefunden
Verteilung der Resultate
Anzahl Personen mit jedem Resultat
Perzentil nach korrekt beantworteten Fragen
Ihre Resultats-Entwicklung
Sie haben dieses Quiz seit der letzten Aktualisierung nicht gespielt